[Event "SVK-chT2B 1112"]
[Site "Slovakia"]
[Date "2011.11.05"]
[Round "3.4"]
[White "Lelkes, Oliver"]
[Black "Malinovsky, Lubomir"]
[Result "1-0"]
[WhiteElo "1866"]
[BlackElo "1651"]
[PlyCount "73"]
[EventDate "2011.10.08"]
[EventType "team-tourn"]
[EventRounds "11"]
[EventCountry "SVK"]
[SourceTitle "EXT 2013"]
[Source "ChessBase"]
[SourceDate "2012.11.22"]
[SourceVersion "1"]
[SourceVersionDate "2012.11.22"]
[SourceQuality "1"]
[WhiteTeam "Komarno KSC II"]
[BlackTeam "Belusa Hermes"]
[WhiteTeamCountry "SVK"]
[BlackTeamCountry "SVK"]

1. e4 e6 2. d4 Nf6 3. e5 Nd5 4. c4 Ne7 5. Nc3 d6 6. Nf3 h6 7. g3 Nf5 8. exd6 cxd6 9. Bg2 Qc7 10. b3 Be7 11. 0-0 Bf6 12. Re1 0-0 13. Ne4 Nd7 14. Nxf6+ Nxf6 15. Bb2 Rb8 16. Rc1 b6 17. Qd3 Re8 18. b4 Qd7 19. d5 e5 20. Nd2 a5 21. a3 axb4 22. axb4 Ba6 23. Ne4 Nxe4 24. Bxe4 Ne7 25. Qd2 f5 26. Bg2 g5 27. c5 bxc5 28. bxc5 dxc5 29. Bxe5 Rbc8 30. Qa2 Ng6 31. Qxa6 Nxe5 32. Qxh6 Qg7 33. Qa6 Red8 34. Qe6+ Nf7 35. Qxf5 Nh6 36. Qe6+ Kh8 37. d6 1-0

[Event "SVK-chT2B 1112"]
[Site "Slovakia"]
[Date "2011.10.09"]
[Round "2.5"]
[White "Lelkes, Oliver"]
[Black "Turicik, Dusan"]
[Result "1-0"]
[WhiteElo "1866"]
[BlackElo "1573"]
[PlyCount "51"]
[EventDate "2011.10.08"]
[EventType "team-tourn"]
[EventRounds "11"]
[EventCountry "SVK"]
[SourceTitle "EXT 2013"]
[Source "ChessBase"]
[SourceDate "2012.11.22"]
[SourceVersion "1"]
[SourceVersionDate "2012.11.22"]
[SourceQuality "1"]
[WhiteTeam "Komarno KSC II"]
[BlackTeam "Sala Slovan Duslo"]
[WhiteTeamCountry "SVK"]
[BlackTeamCountry "SVK"]

1. e4 e6 2. d4 d5 3. Nc3 Nf6 4. e5 Ne4 5. Nxe4 dxe4 6. Ne2 c5 7. Be3 Qb6 8. Ng3 Nc6 9. dxc5 Bxc5 10. Bxc5 Qxc5 11. Qd6 Qxc2 12. Bb5 Bd7 13. 0-0 Qxb2 14. Rfd1 Rd8 15. Bxc6 bxc6 16. Rab1 Qc3 17. Rb7 Qc2 18. Nf1 Qxd1 19. Qxd1 f5 20. Qd6 Rf8 21. Nd2 Rf7 22. Nb3 g5 23. h3 f4 24. Nc5 e3 25. fxe3 fxe3 26. Nxd7 1-0

[Event "Nove Zamky op"]
[Site "Nove Zamky"]
[Date "2008.08.06"]
[Round "1"]
[White "Lelkes, Oliver"]
[Black "Vass, Frantisek"]
[Result "0-1"]
[WhiteElo "1790"]
[BlackElo "2404"]
[PlyCount "58"]
[EventDate "2008.08.06"]
[EventType "swiss"]
[EventRounds "7"]
[EventCountry "SVK"]
[SourceTitle "EXT 2010"]
[Source "ChessBase"]
[SourceDate "2010.11.25"]
[SourceVersion "1"]
[SourceVersionDate "2010.11.25"]
[SourceQuality "1"]

1. e4 e6 2. d4 d5 3. Nc3 Nf6 4. e5 Nfd7 5. f4 c5 6. Nf3 Nc6 7. Be3 a6 8. Be2 b5 9. a3 Qb6 10. 0-0 h6 11. Kh1 Bb7 12. Qd2 0-0-0 13. Rfd1 f6 14. b3 cxd4 15. Nxd4 Nxd4 16. Bxd4 Bc5 17. exf6 gxf6 18. Bf3 Rhg8 19. Ne2 e5 20. Bxc5 Nxc5 21. b4 Na4 22. Nc3 e4 23. Nxa4 bxa4 24. Be2 d4 25. Bf1 h5 26. Qe2 h4 27. h3 Rg3 28. Qh5 Rdg8 29. Rd2 e3 0-1

[Event "SVK-ch U18"]
[Site "Liptovsky Mikulas"]
[Date "2007.04.27"]
[Round "9"]
[White "Lelkes, Oliver"]
[Black "Ambros, Jakub"]
[Result "0-1"]
[WhiteElo "1589"]
[BlackElo "1798"]
[PlyCount "104"]
[EventDate "2007.04.22"]
[EventType "swiss"]
[EventRounds "9"]
[EventCountry "SVK"]
[SourceTitle "EXT 2008"]
[Source "ChessBase"]
[SourceDate "2007.11.25"]
[SourceVersion "1"]
[SourceVersionDate "2007.11.25"]
[SourceQuality "1"]

1. e4 d5 2. exd5 Qxd5 3. Nc3 Qa5 4. d4 c6 5. Nf3 Bf5 6. Bc4 e6 7. Ne5 Nf6 8. Bd2 Qc7 9. g4 Bg6 10. h4 b5 11. Bf1 Bd6 12. Bf4 Nbd7 13. Qe2 b4 14. Na4 Bxe5 15. Bxe5 Qa5 16. b3 Nxe5 17. dxe5 Nxg4 18. f4 h5 19. 0-0-0 Rd8 20. Rxd8+ Qxd8 21. Bg2 0-0 22. Bxc6 Qd4 23. Nb2 Qxf4+ 24. Kb1 Qxe5 25. Qd2 Qc5 26. Bf3 Rc8 27. Nc4 Ne5 28. Be2 Nc6 29. Bd3 Rd8 30. Rh3 Qg1+ 31. Kb2 Bxd3 32. Rxd3 Rxd3 33. Qxd3 Qd4+ 34. Qxd4 Nxd4 35. Ne3 Nf5 36. Ng2 e5 37. c3 bxc3+ 38. Kxc3 Kf8 39. a4 Ke7 40. b4 Kd6 41. Kc4 a6 42. b5 axb5+ 43. Kxb5 Kc7 44. Ka6 e4 45. a5 e3 46. Ka7 e2 47. Ka8 Nxh4 48. Ne1 Nf5 49. a6 Ne3 50. Ka7 h4 51. Nf3 h3 52. Ka8 e1Q 0-1

[Event "SVK-ch U18"]
[Site "Liptovsky Mikulas"]
[Date "2007.04.26"]
[Round "7"]
[White "Lelkes, Oliver"]
[Black "Bona, Zoltan"]
[Result "0-1"]
[WhiteElo "1589"]
[BlackElo "1916"]
[PlyCount "76"]
[EventDate "2007.04.22"]
[EventType "swiss"]
[EventRounds "9"]
[EventCountry "SVK"]
[SourceTitle "EXT 2008"]
[Source "ChessBase"]
[SourceDate "2007.11.25"]
[SourceVersion "1"]
[SourceVersionDate "2007.11.25"]
[SourceQuality "1"]

1. e4 e5 2. Nc3 Nf6 3. f4 exf4 4. Nf3 Bb4 5. Bc4 d6 6. d3 0-0 7. Bxf4 d5 8. exd5 Re8+ 9. Kf2 Bxc3 10. bxc3 Nxd5 11. Bxd5 Qxd5 12. Re1 Be6 13. Re5 Qc6 14. d4 Nd7 15. Re3 Bg4 16. Qe2 Nf6 17. Be5 Nd5 18. Rd3 Nf4 19. Qd2 Nxd3+ 20. Qxd3 Bxf3 21. gxf3 Rad8 22. Qf5 f6 23. Bf4 Qxc3 24. Rg1 Qxd4+ 25. Kg2 Rd5 26. Qg4 g5 27. Kh1 Kh8 28. Qh5 Rg8 29. Bxc7 g4 30. Qh6 gxf3 31. Bg3 Rdg5 32. Rf1 f2 33. Qh3 Rh5 34. Qg2 Qg4 35. Qxf2 Qxg3 36. Qxf6+ Qg7 37. Qf2 Qe5 38. h4 Rxh4+ 0-1

[Event "SVK-ch U18"]
[Site "Liptovsky Mikulas"]
[Date "2007.04.26"]
[Round "8"]
[White "Sebensky, Martin"]
[Black "Lelkes, Oliver"]
[Result "1/2-1/2"]
[WhiteElo "1769"]
[BlackElo "1589"]
[PlyCount "28"]
[EventDate "2007.04.22"]
[EventType "swiss"]
[EventRounds "9"]
[EventCountry "SVK"]
[SourceTitle "EXT 2008"]
[Source "ChessBase"]
[SourceDate "2007.11.25"]
[SourceVersion "1"]
[SourceVersionDate "2007.11.25"]
[SourceQuality "1"]

1. Nf3 Nf6 2. g3 e6 3. Bg2 d5 4. d4 c5 5. c3 Nc6 6. 0-0 Be7 7. Nbd2 0-0 8. dxc5 Bxc5 9. Nb3 Bb6 10. Qc2 h6 11. Rd1 Ne4 12. e3 Qc7 13. Nbd4 a6 14. Bd2 Bd7 1/2-1/2

[Event "SVK-ch U18"]
[Site "Liptovsky Mikulas"]
[Date "2007.04.22"]
[Round "1"]
[White "Lelkes, Oliver"]
[Black "Ondrus, Martin"]
[Result "0-1"]
[WhiteElo "1589"]
[BlackElo "2119"]
[PlyCount "74"]
[EventDate "2007.04.22"]
[EventType "swiss"]
[EventRounds "9"]
[EventCountry "SVK"]
[SourceTitle "EXT 2008"]
[Source "ChessBase"]
[SourceDate "2007.11.25"]
[SourceVersion "1"]
[SourceVersionDate "2007.11.25"]
[SourceQuality "1"]

1. e4 c5 2. Nf3 d6 3. d4 cxd4 4. Nxd4 Nf6 5. Nc3 a6 6. Be3 e6 7. f4 b5 8. a3 Bb7 9. Qf3 Qc7 10. Bd3 Be7 11. g4 Nc6 12. 0-0-0 b4 13. Nxc6 bxc3 14. Nxe7 cxb2+ 15. Kxb2 Qxe7 16. g5 Nd7 17. Bd4 e5 18. Bc3 Rb8 19. Kc1 0-0 20. Kd2 Nc5 21. Rhe1 Rfe8 22. Bb4 Rbc8 23. h4 exf4 24. Bxc5 dxc5 25. Bc4 Qe5 26. Bxf7+ Kxf7 27. Qb3+ Kf8 28. Qxb7 Rcd8+ 29. Ke2 Rxd1 30. Kxd1 Qd4+ 31. Kc1 Rd8 32. Kb1 f3 33. e5 f2 34. Rc1 Qxe5 35. Qf3+ Kg8 36. Qb3+ Kh8 37. Qa2 Rb8+ 0-1

[Event "SVK-ch U16"]
[Site "Brezova pod Bradlom"]
[Date "2006.03.09"]
[Round "8"]
[White "Lelkes, Oliver"]
[Black "Sebensky, Martin"]
[Result "1-0"]
[WhiteElo "1462"]
[BlackElo "1921"]
[PlyCount "23"]
[EventDate "2006.03.05"]
[EventType "swiss"]
[EventRounds "9"]
[EventCountry "SVK"]
[SourceTitle "EXT 2008"]
[Source "ChessBase"]
[SourceDate "2007.11.25"]
[SourceVersion "1"]
[SourceVersionDate "2007.11.25"]
[SourceQuality "1"]

1. e4 c5 2. Nf3 Nc6 3. d4 cxd4 4. Nxd4 Nf6 5. Nc3 e5 6. Ndb5 d6 7. Bg5 a6 8. Na3 b5 9. Bxf6 gxf6 10. Nd5 f5 11. Bd3 Ne7 12. Nf6# 1-0

[Event "SVK-ch U16"]
[Site "Brezova pod Bradlom"]
[Date "2006.03.07"]
[Round "4"]
[White "Lelkes, Oliver"]
[Black "Urban, Gabor"]
[Result "0-1"]
[WhiteElo "1462"]
[BlackElo "1867"]
[PlyCount "74"]
[EventDate "2006.03.05"]
[EventType "swiss"]
[EventRounds "9"]
[EventCountry "SVK"]
[SourceTitle "EXT 2008"]
[Source "ChessBase"]
[SourceDate "2007.11.25"]
[SourceVersion "1"]
[SourceVersionDate "2007.11.25"]
[SourceQuality "1"]

1. e4 c5 2. Nf3 e6 3. d4 cxd4 4. Nxd4 Nf6 5. Nc3 Bb4 6. Bd3 Nc6 7. Be3 e5 8. Nde2 d5 9. Bd2 0-0 10. a3 dxe4 11. Nxe4 Nxe4 12. Bxe4 Bxd2+ 13. Qxd2 Qxd2+ 14. Kxd2 Be6 15. Rhd1 f5 16. Bxc6 bxc6 17. Ke1 Rad8 18. Rxd8 Rxd8 19. Rd1 Rxd1+ 20. Kxd1 Kf7 21. Kd2 g5 22. g3 Kg6 23. b4 Bc4 24. a4 Kf6 25. c3 Ke6 26. Nc1 Kd5 27. f3 f4 28. Ne2 Bxe2 29. Kxe2 Kc4 30. Kd2 fxg3 31. hxg3 h5 32. Ke3 Kxc3 33. b5 cxb5 34. axb5 Kc4 35. f4 exf4+ 36. gxf4 gxf4+ 37. Kxf4 Kxb5 0-1